| 000 | 01720nam a22002777a 4500 | ||
|---|---|---|---|
| 999 |
_c21478 _d21478 |
||
| 003 | AR-CdUCM | ||
| 008 | 190220b ||||| |||| 00| 0 spa d | ||
| 020 | _a9789972517242 | ||
| 040 |
_aMUNICIPALIDAD PROVINCIAL DEL CUSCO _cBIBLIOTECA MUNICIPAL DEL CUSCO |
||
| 082 |
_a079.85/G56 _bG56 |
||
| 100 |
_aGodoy Mejia, José Alejandro _944962 |
||
| 245 |
_aEl Comercio y la política peruana del siglo XXI / _cJosé Alejandro Godoy Mejia |
||
| 260 |
_aLima : _bInstituto de Estudios Peruanos, IEP, _c2019. |
||
| 300 |
_a389 páginas. : _c23 cm. |
||
| 440 |
_aSerie Ideología y Política, _n55. _944963 |
||
| 505 | _aContenido: El Comercio: antecedentes históricos, políticos y empresariales -- El Comercio como actor político (1839-1999) -- El siglo XIX: liberalismo y civilismo -- La República Aristocrática y el Oncenio de Leguía -- Conociendo al Grupo El Comercio -- Productos periodísticos del Grupo El Comercio -- Liberalismo moderado: la gestión de Alejandro Miró Quesada Cisneros (1999-2008) -- La etapa conservadora: las gestiones de Francisco Miró Quesada Rada (2008-2013) y Fritz Du Bois (2013-2014) -- Liberales al mando: la gestión de Fernando Berckemeyer Olaechea (2014-2018) Relevos generacionales y profesionales -- ¿A qué se deben los giros editoriales en el diario El Comercio? -- El peso del director (o quien ejerza ese cargo) -- Los accionistas ... | ||
| 650 |
_aEl Comercio Lima Perú _944964 |
||
| 650 |
_aMedios de Comunicación _911199 |
||
| 650 |
_aAspectos políticos _98399 |
||
| 650 |
_aPeriodismo _91929 |
||
| 650 |
_aPolítica y gobierno _92693 |
||
| 650 |
_aPerú _944965 |
||
| 710 |
_aInstituto de Estudios Peruanos (Lima) _99759 |
||
| 942 |
_2ddc _cLIBROS |
||
| 945 | _aRoel | ||